000 00578nam a2200181Ia 4500
008 090124s9999 xx 000 0 und d
082 _b27356
_a6970
100 _aकाळे व.पु. (वसंत पुरुषोत्तम)
245 _a ऐकसखे
250 _a4
260 _c1992
300 _a168
600 _aकाळे व.पु. (वसंत पुरुषोत्तम)
630 _a ऐकसखे
700 _aकाळे व.पु. (वसंत पुरुषोत्तम)
730 _a ऐकसखे
942 _cBOOK
999 _c140821
_d140821